000 00682nam a2200289Ia 4500
005 20260324125954.0
008 008 260324s9999 xx 000 0 eng d
020 _a9780429123214
037 _aEBOOK
040 _aCRL
040 _beng
040 _cCRL
041 _2eng
041 _aeng
084 _qCRL
100 _aAlberto Borboni
_91180032
245 0 _aMeso- to Micro- Actuators
245 2 _bA Theoretical and Practical Approach
260 _bTaylor and Francis
260 _c2008
365 _a
365 _b115
856 _uhttp://www.taylorfrancis.com/books/9780429123214
942 _cEBOOK
999 _c1775748
_d1775748